Urdu Grammar (Record no. 7229)

MARC details
000 -LEADER
fixed length control field 00562nam a2200241 a 4500
020 ## - INTERNATIONAL STANDARD BOOK NUMBER
ISBN
082 00 - DEWEY DECIMAL CLASSIFICATION NUMBER
Classification number 491.43982
Author Cutter MCG
100 ## - MAIN ENTRY--AUTHOR NAME
Author name Mcgavran, J G
245 ## - TITLE STATEMENT
Title Urdu Grammar
260 ## - PUBLICATION, DISTRIBUTION, ETC. (IMPRINT)
Place of publication Mussoorie
Name of publisher Landour Language School
Year of publication 0000
300 ## - PHYSICAL DESCRIPTION
Number of Pages 706p
500 ## - GENERAL NOTE
General note includes index and biblioraphy
505 2# - FORMATTED CONTENTS NOTE
Formatted contents note Maps
650 ## - SUBJECT ADDED ENTRY--TOPICAL TERM
Topical Term Urdu-Grammar
942 ## - ADDED ENTRY ELEMENTS (KOHA)
Koha item type Books
700 1# -
-- Mcgavran, J G
Holdings
Collection code Home library Current library Date acquired Cost, normal purchase price Full call number Accession Number Koha item type
  Henry Martyn Institute Library Henry Martyn Institute Library 02/11/2008 100.00 491.43982 MCG 010510 Books
                   Copyright © 2026 | Henry Martyn Institute | Hyderabad | TS-500052 | INDIA | Implemented by hmi.edu.in
Hit-Count:

Powered by Koha